01283nabaa22001817a 4500003000400000005001700004008004100021040000700062100002600069245019100095300001300286505049800299505009000797650002700887650003300914700004100947773011300988OSt20260122100230.0190701b xxu||||| |||| 00| 0 spa d cPJ aSabalua, Francisco M.13aLa responsabilidad estatal frente a la violación de la garantía del plazo razonable en los procedimientos administrativos /cFrancisco M. Sabalua, Lisandro Omar Emmanuel Erreguerena. ap. 31-38 aSumario: I. Introducción.— II. La garantía del plazo razonable y la tutela administrativa efectiva.— III. Los cuatro elementos (o reglas) evaluables a fin de determinar si se violó la garantía del plazo razonable.— IV. Fundamentos jurídicos del deber estatal de resarcir ante la violación de la garantía del plazo razonable.— V. La solución jurídica a la luz de la dikelogía.— VI. Repercusiones en la dimensión social: un caso ilustrativo.— VII. Conclusiones. t¿Te interesa el texto completo? Comunicate al correo: koha@justierradelfuego.gov.ar  0aDERECHO ADMINISTRATIVO 0aPROCEDIMIENTO ADMINISTRATIVO aErreguerena, Lisandro Omar Emmanuel 0 02842dBuenos Aires : AbeledoPerrot, 2012-oDA121tDerecho administrativo. Nº 146 marzo/abril 2023z18510590